Снижение радиационной токсичности гуминовыми веществами. Биолюминесцентный мониторинг; Химия и химическая технология в XXI веке; Т. 2

Bibliografische gegevens
Parent link:Химия и химическая технология в XXI веке: материалы XXII Международной научно-практической конференции студентов и молодых ученых имени выдающихся химиков Л. П. Кулёва и Н. М. Кижнера, посвященной 125-летию со дня основания Томского политехнического университета, Томск, 17-20 мая 2021 г./ Национальный исследовательский Томский политехнический университет (ТПУ) ; Инженерная школа природных ресурсов ; Исследовательская школа химических и биомедицинских технологий.— , 2021
Т. 2.— 2021.— [С. 157-158]
Coauteur: Национальный исследовательский Томский политехнический университет Инженерная школа ядерных технологий Отделение ядерно-топливного цикла
Andere auteurs: Соловьёв В. С. (научный руководитель), Лапина М. А., Колесник О. В., Ковель Е. С., Сачкова А. С. Анна Сергеевна
Samenvatting:Заглавие с титульного экрана
Taal:Russisch
Gepubliceerd in: 2021
Reeks:Охрана окружающей среды и рациональное использование природных ресурсов
Onderwerpen:
Online toegang:http://earchive.tpu.ru/handle/11683/67721
Formaat: Elektronisch Hoofdstuk
KOHA link:https://koha.lib.tpu.ru/cgi-bin/koha/opac-detail.pl?biblionumber=632941

MARC

LEADER 00000naa2a2200000 4500
001 632941
005 20231101133733.0
035 |a (RuTPU)RU\TPU\conf\34663 
035 |a RU\TPU\conf\34662 
090 |a 632941 
100 |a 20210531d2021 k y0rusy50 ca 
101 0 |a rus 
102 |a RU 
105 |a y z 101zy 
135 |a drgn ---uucaa 
181 0 |a i  
182 0 |a b 
200 1 |a Снижение радиационной токсичности гуминовыми веществами. Биолюминесцентный мониторинг  |f  В. С. Соловьёв, М. А. Лапина, О. В. Колесник, Е. С. Ковель  |g науч. рук. А. С. Сачкова 
203 |a Текст  |c электронный 
225 1 |a Охрана окружающей среды и рациональное использование природных ресурсов 
230 |a 1 компьютерный файл (pdf; 1 435 Kb) 
300 |a Заглавие с титульного экрана 
320 |a [Библиогр.: с. 158 (3 назв.)] 
461 1 |0 (RuTPU)RU\TPU\conf\34506  |t Химия и химическая технология в XXI веке  |o материалы XXII Международной научно-практической конференции студентов и молодых ученых имени выдающихся химиков Л. П. Кулёва и Н. М. Кижнера, посвященной 125-летию со дня основания Томского политехнического университета, Томск, 17-20 мая 2021 г.  |o в 2 т.  |f Национальный исследовательский Томский политехнический университет (ТПУ) ; Инженерная школа природных ресурсов ; Исследовательская школа химических и биомедицинских технологий  |d 2021 
463 1 |0 (RuTPU)RU\TPU\conf\34508  |t Т. 2  |v [С. 157-158]  |d 2021 
610 1 |a труды учёных ТПУ 
610 1 |a электронный ресурс 
610 1 |a токсичность 
610 1 |a гуминовые вещества 
610 1 |a биолюминесцентный мониторинг 
610 1 |a экологическая обстановка 
610 1 |a биосенсоры 
610 1 |a биологические системы 
701 1 |a Соловьёв  |b В. С. 
701 1 |a Лапина  |b М. А. 
701 1 |a Колесник  |b О. В. 
701 1 |a Ковель  |b Е. С. 
702 1 |a Сачкова  |b А. С.  |c биолог  |c доцент Томского политехнического университета, кандидат биологических наук  |f 1986-  |g Анна Сергеевна  |2 stltpush  |4 727 
712 0 2 |a Национальный исследовательский Томский политехнический университет  |b Инженерная школа ядерных технологий  |b Отделение ядерно-топливного цикла  |h 7864  |2 stltpush  |3 (RuTPU)RU\TPU\col\23554 
801 2 |a RU  |b 63413507  |c 20210625  |g RCR 
856 4 |u http://earchive.tpu.ru/handle/11683/67721 
942 |c BK